000
00227nam a2200097Ia 4500
008
190216s9999||||xx |||||||||||||| ||und||
100
_a
Ulloor
245
0
_a
Kerala Sahithya Charithram
260
_b
Kerala University
942
_c
BK
999
_c
24346
_d
24346